Normal view
MARC view
- FM World
Entry Corporate Name
001 - CONTROL NUMBER
- control field: 5643
003 - CONTROL NUMBER IDENTIFIER
- control field: SIRSI
005 - DATE AND TIME OF LATEST TRANSACTION
- control field: 20190806150244.0
008 - FIXED-LENGTH DATA ELEMENTS
- fixed length control field: 081111n| acannaabn |n ana d
040 ## - CATALOGING SOURCE
- Original cataloging agency: OSt
- Transcribing agency: OSt
110 2# - HEADING--CORPORATE NAME
- Corporate name or jurisdiction name as entry element: FM World
670 ## - SOURCE DATA FOUND
- Source citation: The 2007 FM world salary survey in association with PSD group, 2008